5HLuxD.jpg

KING HENRY VIII SENIOR AND PRIMARY SCHOOL LIBRARY OPAC

Pete the Cat's trip to the supermarket / (Record no. 1703)

000 -LEADER
fixed length control field 01505cam a2200409 i 4500
001 - CONTROL NUMBER
control field (Sirsi) a1178286
003 - CONTROL NUMBER IDENTIFIER
control field OSt
005 - DATE AND TIME OF LATEST TRANSACTION
control field 20230120111341.0
008 - FIXED-LENGTH DATA ELEMENTS--GENERAL INFORMATION
fixed length control field 210728t20192019nyua b 000 j eng d
020 ## - INTERNATIONAL STANDARD BOOK NUMBER
International Standard Book Number 9780062675378
Qualifying information (paperback) :
040 ## - CATALOGING SOURCE
Original cataloging agency JEN
Language of cataloging eng
Transcribing agency TAE
Description conventions rda
Modifying agency KH8
042 ## - AUTHENTICATION CODE
Authentication code nbic
082 0# - DEWEY DECIMAL CLASSIFICATION NUMBER
Classification number 813.6 DEA
100 1# - MAIN ENTRY--PERSONAL NAME
Personal name Dean, Kim,
Dates associated with a name 1969-
Relator term author.
245 10 - TITLE STATEMENT
Title Pete the Cat's trip to the supermarket /
Statement of responsibility, etc. by Kimberly & James Dean.
246 30 - VARYING FORM OF TITLE
Title proper/short title Trip to the supermarket.
250 ## - EDITION STATEMENT
Edition statement First Edition.
264 #1 - PRODUCTION, PUBLICATION, DISTRIBUTION, MANUFACTURE, AND COPYRIGHT NOTICE
Place of production, publication, distribution, manufacture New York, NY :
Name of producer, publisher, distributor, manufacturer Harper, an imprint of HarperCollinsPublishers,
Date of production, publication, distribution, manufacture, or copyright notice [2019]
264 #4 - PRODUCTION, PUBLICATION, DISTRIBUTION, MANUFACTURE, AND COPYRIGHT NOTICE
Date of production, publication, distribution, manufacture, or copyright notice ©2019.
300 ## - PHYSICAL DESCRIPTION
Extent 32 pages :
Other physical details color illustrations ;
Dimensions 24 cm.
336 ## - CONTENT TYPE
Content type term text
Content type code txt
Source rdacontent.
336 ## - CONTENT TYPE
Content type term still image
Content type code sti
Source rdacontent.
337 ## - MEDIA TYPE
Media type term unmediated
Media type code n
Source rdamedia.
338 ## - CARRIER TYPE
Carrier type term volume
Carrier type code nc
Source rdacarrier.
490 0# - SERIES STATEMENT
Series statement I can read! 1, Beginning reading.
490 1# - SERIES STATEMENT
Series statement Pete the Cat.
520 ## - SUMMARY, ETC.
Summary, etc. Pete the Cat, Bob, and Dad go to the supermarket. But what happens when Dad loses their grocery list along the way? It's up to Pete and Bob to help remind Dad what was on their list!
521 1# - TARGET AUDIENCE NOTE
Target audience note Ages 4-8.
600 00 - SUBJECT ADDED ENTRY--PERSONAL NAME
Personal name Pete,
Titles and other words associated with a name the Cat (Fictitious character)
Form subdivision Juvenile fiction.
650 #0 - SUBJECT ADDED ENTRY--TOPICAL TERM
Topical term or geographic name entry element Cats
Form subdivision Juvenile fiction.
650 #0 - SUBJECT ADDED ENTRY--TOPICAL TERM
Topical term or geographic name entry element Shopping
Form subdivision Juvenile fiction.
650 #0 - SUBJECT ADDED ENTRY--TOPICAL TERM
Topical term or geographic name entry element Supermarkets
Form subdivision Juvenile fiction.
650 #0 - SUBJECT ADDED ENTRY--TOPICAL TERM
Topical term or geographic name entry element Humorous stories.
700 1# - ADDED ENTRY--PERSONAL NAME
Personal name Dean, James,
Dates associated with a name 1957-
Relator term author,
-- illustrator.
830 #0 - SERIES ADDED ENTRY--UNIFORM TITLE
Uniform title Pete the cat.
942 ## - ADDED ENTRY ELEMENTS (KOHA)
Source of classification or shelving scheme
Koha item type Books - Non Ficton
Holdings
Withdrawn status Lost status Source of classification or shelving scheme Damaged status Not for loan Collection code Permanent Location Current Location Shelving location Date acquired Total Checkouts Full call number Barcode Date last seen Date last checked out Price effective from Koha item type
          Non-Fiction KH8 Primary School Library KH8 Primary School Library Non Fiction 2023-01-20 20 813.6 DEA KHPL000003461 2026-02-10 2026-02-03 2023-01-20 Books - Non Ficton

Powered By KH8 IT Dept